00273nam a2200109Ia 4500008004100000041001200041082001100053100001700064245007000081260000600151650000600157221030s9999 xx 000 0 und d aEnglish a105.23 aL. K. Sharma 0aChemistry Question Papers with Their answers XIIcby L. K. Sharma c0 aB